[Event "HUN-chT2 Szechenyi 1516"]
[Site "Hungary"]
[Date "2016.03.20"]
[Round "9.9"]
[White "Guzs, Laszlo"]
[Black "Volgyi, Robert"]
[Result "1-0"]
[WhiteElo "1953"]
[BlackElo "1755"]
[PlyCount "35"]
[EventDate "2015.09.13"]
[EventType "team-tourn"]
[EventRounds "11"]
[EventCountry "HUN"]
[SourceTitle "EXT 2017"]
[Source "ChessBase"]
[SourceDate "2016.10.25"]
[SourceVersion "1"]
[SourceVersionDate "2016.10.25"]
[SourceQuality "1"]
[WhiteTeam "Gyor Elektromos"]
[BlackTeam "Zala Volan"]
[WhiteTeamCountry "HUN"]
[BlackTeamCountry "HUN"]

1. d4 d5 2. c4 c6 3. Nf3 Nf6 4. Nc3 e6 5. Bg5 Be7 6. e3 b6 7. cxd5 exd5 8. Qc2 0-0 9. Bd3 h6 10. Bh4 Bb7 11. 0-0 c5 12. Rfd1 c4 13. Bf5 Ne4 14. Bxe7 Qxe7 15. Nxe4 dxe4 16. Ne5 Nc6 17. Nxc6 Bxc6 18. d5 1-0

[Event "HUN-chT2 Szechenyi 1516"]
[Site "Hungary"]
[Date "2015.12.06"]
[Round "6.8"]
[White "Besenyi, Tibor"]
[Black "Volgyi, Robert"]
[Result "1/2-1/2"]
[WhiteElo "1937"]
[BlackElo "1755"]
[PlyCount "65"]
[EventDate "2015.09.13"]
[EventType "team-tourn"]
[EventRounds "11"]
[EventCountry "HUN"]
[SourceTitle "CBM 170 Extra"]
[Source "ChessBase"]
[SourceDate "2016.02.25"]
[SourceVersion "1"]
[SourceVersionDate "2016.02.25"]
[SourceQuality "1"]
[WhiteTeam "Lovo"]
[BlackTeam "Zala Volan"]
[WhiteTeamCountry "HUN"]
[BlackTeamCountry "HUN"]

1. e4 d5 2. exd5 Qxd5 3. d4 Nc6 4. Nf3 Bg4 5. Be2 0-0-0 6. c4 Qa5+ 7. Bd2 Qh5 8. d5 Ne5 9. Nc3 Nf6 10. Be3 e6 11. Qa4 a6 12. Nxe5 Qxe5 13. 0-0-0 Bxe2 14. Nxe2 exd5 15. c5 Bxc5 16. Bxc5 Qxe2 17. Qa3 Rhe8 18. Kb1 Ne4 19. Be3 d4 20. Rhe1 Qc4 21. Rc1 Nc3+ 22. bxc3 dxe3 23. fxe3 Qd3+ 24. Ka1 Rxe3 25. Red1 Qe4 26. Rxd8+ Kxd8 27. Qf8+ Qe8 28. Qxg7 Re1 29. Rxe1 Qxe1+ 30. Kb2 Qd2+ 31. Kb3 Qd5+ 32. Kb2 Qd2+ 33. Kb3 1/2-1/2

[Event "HUN-chT2 Szechenyi 1415"]
[Site "Hungary"]
[Date "2015.04.26"]
[Round "11.10"]
[White "Volgyi, Robert"]
[Black "Schubert, Istvan"]
[Result "1-0"]
[WhiteElo "1784"]
[BlackElo "1325"]
[PlyCount "45"]
[EventDate "2014.09.07"]
[EventType "team-tourn"]
[EventRounds "11"]
[EventCountry "HUN"]
[SourceTitle "EXT 2016"]
[Source "ChessBase"]
[SourceDate "2015.10.08"]
[SourceVersion "1"]
[SourceVersionDate "2015.10.08"]
[SourceQuality "1"]
[WhiteTeam "Zala Volan"]
[BlackTeam "Veszprem"]
[WhiteTeamCountry "HUN"]
[BlackTeamCountry "HUN"]

1. d4 d5 2. c4 dxc4 3. e3 b5 4. a4 c6 5. axb5 cxb5 6. Qf3 Nc6 7. Qxc6+ Bd7 8. Qa6 Qc7 9. Nc3 Qc6 10. Qxc6 Bxc6 11. d5 Bd7 12. Nf3 f6 13. Nd4 b4 14. Ncb5 Bxb5 15. Nxb5 Rc8 16. Rxa7 c3 17. Nc7+ Kf7 18. Bc4 Kg6 19. h4 e5 20. h5+ Kf5 21. d6 Rd8 22. f3 cxb2 23. e4# 1-0

[Event "HUN-chT2 Szechenyi 1415"]
[Site "Hungary"]
[Date "2015.03.22"]
[Round "10.9"]
[White "Volgyi, Robert"]
[Black "Gaal, Alexander"]
[Result "0-1"]
[WhiteElo "1784"]
[BlackElo "1950"]
[PlyCount "28"]
[EventDate "2014.09.07"]
[EventType "team-tourn"]
[EventRounds "11"]
[EventCountry "HUN"]
[SourceTitle "EXT 2016"]
[Source "ChessBase"]
[SourceDate "2015.10.08"]
[SourceVersion "1"]
[SourceVersionDate "2015.10.08"]
[SourceQuality "1"]
[WhiteTeam "Zala Volan"]
[BlackTeam "HVSE Infraplan"]
[WhiteTeamCountry "HUN"]
[BlackTeamCountry "HUN"]

1. d4 Nf6 2. g3 e5 3. dxe5 Ng4 4. Nf3 Bc5 5. e3 Nc6 6. Bg2 0-0 7. 0-0 Ngxe5 8. Nxe5 Nxe5 9. b3 Qf6 10. c3 c6 11. Bb2 d5 12. Qc2 Bf5 13. e4 Bg6 14. Nd2 Ng4 0-1

[Event "HUN-chT2 Szechenyi 1415"]
[Site "Hungary"]
[Date "2014.10.12"]
[Round "3.9"]
[White "Volgyi, Robert"]
[Black "Besenyi, Tibor"]
[Result "0-1"]
[WhiteElo "1784"]
[BlackElo "1872"]
[PlyCount "54"]
[EventDate "2014.09.07"]
[EventType "team-tourn"]
[EventRounds "11"]
[EventCountry "HUN"]
[SourceTitle "EXT 2016"]
[Source "ChessBase"]
[SourceDate "2015.10.08"]
[SourceVersion "1"]
[SourceVersionDate "2015.10.08"]
[SourceQuality "1"]
[WhiteTeam "Zala Volan"]
[BlackTeam "Lovo"]
[WhiteTeamCountry "HUN"]
[BlackTeamCountry "HUN"]

1. d4 Nf6 2. Nf3 d5 3. e3 Bg4 4. Be2 e6 5. h3 Bh5 6. 0-0 c5 7. c3 Nc6 8. Nbd2 a6 9. a4 c4 10. b3 cxb3 11. Qxb3 Na5 12. Qc2 Rc8 13. Bb2 Bd6 14. Bd3 Bxf3 15. Nxf3 Nc4 16. a5 0-0 17. Bxc4 Rxc4 18. Nd2 Rc6 19. f3 Qc7 20. e4 Bb4 21. e5 Nh5 22. Rfc1 Bxa5 23. Nb3 Bb6 24. Ba3 Rc8 25. Bc5 Bxc5 26. Nxc5 Qe7 27. Qd2 Ng3 0-1

[Event "HUN-chT2 Szechenyi 1314"]
[Site "Hungary"]
[Date "2014.03.02"]
[Round "8.10"]
[White "Vida, Krisztian"]
[Black "Volgyi, Robert"]
[Result "1/2-1/2"]
[WhiteElo "1563"]
[BlackElo "1825"]
[PlyCount "38"]
[EventDate "2013.09.08"]
[EventType "team-tourn"]
[EventRounds "11"]
[EventCountry "HUN"]
[SourceTitle "EXT 2016"]
[Source "ChessBase"]
[SourceDate "2015.10.08"]
[SourceVersion "1"]
[SourceVersionDate "2015.10.08"]
[SourceQuality "1"]
[WhiteTeam "Szombathely Haladas III"]
[BlackTeam "Zala Volan"]
[WhiteTeamCountry "HUN"]
[BlackTeamCountry "HUN"]

1. d4 d5 2. c4 c6 3. Nc3 Nf6 4. Nf3 e6 5. Bg5 Be7 6. e3 Nbd7 7. Rc1 h6 8. Bh4 c5 9. cxd5 Nxd5 10. Bxe7 Nxe7 11. dxc5 0-0 12. b4 a5 13. a3 axb4 14. axb4 b6 15. Na4 bxc5 16. Nxc5 Nxc5 17. Qxd8 Rxd8 18. bxc5 Bb7 19. Nd4 Rac8 1/2-1/2

[Event "HUN-chT2 Szechenyi 0910"]
[Site "Hungary"]
[Date "2010.04.11"]
[Round "9.5"]
[White "Volgyi, Robert"]
[Black "Solymosi, Istvan"]
[Result "0-1"]
[WhiteElo "1934"]
[BlackElo "2171"]
[PlyCount "36"]
[EventDate "2009.11.08"]
[EventType "team-tourn"]
[EventRounds "11"]
[EventCountry "HUN"]
[SourceTitle "EXT 2011"]
[Source "ChessBase"]
[SourceDate "2010.11.26"]
[SourceVersion "1"]
[SourceVersionDate "2010.11.26"]
[SourceQuality "1"]
[WhiteTeam "Kertvaros"]
[BlackTeam "Gyor Elektromos"]
[WhiteTeamCountry "HUN"]
[BlackTeamCountry "HUN"]

1. d4 Nf6 2. c4 c5 3. dxc5 Na6 4. Nc3 Nxc5 5. g3 g6 6. Bg2 Bg7 7. e4 d6 8. Nge2 0-0 9. 0-0 Be6 10. Be3 Bxc4 11. Rc1 Nd3 12. Rc2 Nb4 13. Rd2 Ng4 14. Bd4 e5 15. Bc5 Nd3 16. Bxd6 Qxd6 17. Nc1 Ngxf2 18. Rfxf2 Nxf2 0-1

[Event "HUN-chT2 Szechenyi 0910"]
[Site "Hungary"]
[Date "2010.03.21"]
[Round "8.6"]
[White "Volgyi, Robert"]
[Black "Vargyas, Zoltan"]
[Result "0-1"]
[WhiteElo "1934"]
[BlackElo "2106"]
[PlyCount "62"]
[EventDate "2009.11.08"]
[EventType "team-tourn"]
[EventRounds "11"]
[EventCountry "HUN"]
[SourceTitle "EXT 2011"]
[Source "ChessBase"]
[SourceDate "2010.11.26"]
[SourceVersion "1"]
[SourceVersionDate "2010.11.26"]
[SourceQuality "1"]
[WhiteTeam "Kertvaros"]
[BlackTeam "BSC"]
[WhiteTeamCountry "HUN"]
[BlackTeamCountry "HUN"]

1. d4 Nf6 2. g3 c5 3. d5 b5 4. Bg2 Bb7 5. e4 e6 6. Ne2 exd5 7. exd5 d6 8. 0-0 Be7 9. b3 Nbd7 10. Bb2 0-0 11. Na3 a6 12. c4 b4 13. Nc2 a5 14. Ne3 g6 15. f4 Bc8 16. f5 Ra7 17. fxg6 hxg6 18. Nf4 Ne5 19. Qc2 a4 20. Rad1 Nfg4 21. Nxg4 Bxg4 22. Rde1 axb3 23. axb3 Bf6 24. Bxe5 Bxe5 25. h3 Bf5 26. Be4 Qg5 27. Kg2 Rfa8 28. Kf3 Ra2 29. Qd3 Bxf4 30. gxf4 Qg2+ 31. Ke3 Re8 0-1

[Event "HUN-chT2 Szechenyi 0910"]
[Site "Hungary"]
[Date "2010.03.14"]
[Round "6.6"]
[White "Volgyi, Robert"]
[Black "Hajdu, Istvan"]
[Result "0-1"]
[WhiteElo "1978"]
[BlackElo "2019"]
[PlyCount "40"]
[EventDate "2009.11.08"]
[EventType "team-tourn"]
[EventRounds "11"]
[EventCountry "HUN"]
[SourceTitle "EXT 2011"]
[Source "ChessBase"]
[SourceDate "2010.11.26"]
[SourceVersion "1"]
[SourceVersionDate "2010.11.26"]
[SourceQuality "1"]
[WhiteTeam "Kertvaros"]
[BlackTeam "HVSE Infraplan"]
[WhiteTeamCountry "HUN"]
[BlackTeamCountry "HUN"]

1. d4 Nf6 2. c4 c5 3. dxc5 Qa5+ 4. Nc3 Qxc5 5. e4 d6 6. h3 g6 7. Bd3 Bg7 8. Nge2 0-0 9. Be3 Qh5 10. Qd2 Nc6 11. Nd5 Nxd5 12. cxd5 Ne5 13. Bb5 h6 14. Ng3 Qh4 15. Be2 f5 16. exf5 Bxf5 17. Nxf5 gxf5 18. Bf4 Ng6 19. Be3 f4 20. Bd4 f3 0-1

[Event "HUN-chT2 Szechenyi 0910"]
[Site "Hungary"]
[Date "2009.12.06"]
[Round "3.5"]
[White "Volgyi, Robert"]
[Black "Szilasi, Imre"]
[Result "1/2-1/2"]
[WhiteElo "1934"]
[BlackElo "1940"]
[PlyCount "45"]
[EventDate "2009.11.08"]
[EventType "team-tourn"]
[EventRounds "11"]
[EventCountry "HUN"]
[SourceTitle "EXT 2011"]
[Source "ChessBase"]
[SourceDate "2010.11.26"]
[SourceVersion "1"]
[SourceVersionDate "2010.11.26"]
[SourceQuality "1"]
[WhiteTeam "Kertvaros"]
[BlackTeam "Arboretum"]
[WhiteTeamCountry "HUN"]
[BlackTeamCountry "HUN"]

1. d4 d5 2. c4 c6 3. Nc3 e6 4. e4 dxe4 5. Nxe4 Nf6 6. Nxf6+ Qxf6 7. Nf3 Bb4+ 8. Bd2 Bxd2+ 9. Qxd2 0-0 10. Bd3 Nd7 11. 0-0 e5 12. dxe5 Nxe5 13. Nxe5 Qxe5 14. Rfe1 Qf6 15. Rad1 Be6 16. Qc2 g6 17. b3 Rad8 18. Qe2 Rde8 19. Qc2 Rd8 20. Qe2 Rde8 21. Qc2 Rd8 22. Qe2 Rde8 23. Qc2 1/2-1/2

[Event "HUN-chT2 Szechenyi 0809"]
[Site "Hungary"]
[Date "2009.01.11"]
[Round "5.7"]
[White "Toth, Tibor"]
[Black "Volgyi, Robert"]
[Result "1-0"]
[WhiteElo "1985"]
[BlackElo "1960"]
[PlyCount "31"]
[EventDate "2008.10.26"]
[EventType "team-tourn"]
[EventRounds "11"]
[EventCountry "HUN"]
[SourceTitle "EXT 2010"]
[Source "ChessBase"]
[SourceDate "2010.11.25"]
[SourceVersion "1"]
[SourceVersionDate "2010.11.25"]
[SourceQuality "1"]
[WhiteTeam "Haladas"]
[BlackTeam "Kervaros"]
[WhiteTeamCountry "HUN"]
[BlackTeamCountry "HUN"]

1. e4 d5 2. exd5 Qxd5 3. Nc3 Qa5 4. d4 c6 5. Bc4 e6 6. Bd2 Qb6 7. Nf3 Qxb2 8. 0-0 Nf6 9. Re1 Be7 10. d5 Nxd5 11. Bxd5 exd5 12. Rb1 Qa3 13. Nxd5 Be6 14. Nc7+ Kf8 15. Bb4 Qxa2 16. Qd8# 1-0

[Event "HUN-chT2 Szechenyi 0809"]
[Site "Hungary"]
[Date "2008.12.21"]
[Round "4.6"]
[White "Hagymasi, Janos"]
[Black "Volgyi, Robert"]
[Result "1-0"]
[WhiteElo "2052"]
[BlackElo "1960"]
[PlyCount "41"]
[EventDate "2008.10.26"]
[EventType "team-tourn"]
[EventRounds "11"]
[EventCountry "HUN"]
[SourceTitle "EXT 2010"]
[Source "ChessBase"]
[SourceDate "2010.11.25"]
[SourceVersion "1"]
[SourceVersionDate "2010.11.25"]
[SourceQuality "1"]
[WhiteTeam "Veszprem"]
[BlackTeam "Kervaros"]
[WhiteTeamCountry "HUN"]
[BlackTeamCountry "HUN"]

1. e4 c6 2. d4 d5 3. e5 Bf5 4. Nc3 e6 5. g4 Bg6 6. Nge2 Bb4 7. h4 Be4 8. Rh3 h5 9. Ng3 Nd7 10. Nxh5 g6 11. Bg5 Qa5 12. Nf4 Ne7 13. a3 Bxc3+ 14. Rxc3 Rd8 15. f3 Bxc2 16. Qxc2 Nxe5 17. b4 Qc7 18. dxe5 Qxe5+ 19. Ne2 d4 20. Rd3 Rd5 21. Qb2 1-0

[Event "HUN-chT2 Szechenyi 0809"]
[Site "Hungary"]
[Date "2008.11.30"]
[Round "3.7"]
[White "Arany, Tamas"]
[Black "Volgyi, Robert"]
[Result "1/2-1/2"]
[WhiteElo "1896"]
[BlackElo "1960"]
[PlyCount "30"]
[EventDate "2008.10.26"]
[EventType "team-tourn"]
[EventRounds "11"]
[EventCountry "HUN"]
[SourceTitle "EXT 2010"]
[Source "ChessBase"]
[SourceDate "2010.11.25"]
[SourceVersion "1"]
[SourceVersionDate "2010.11.25"]
[SourceQuality "1"]
[WhiteTeam "Arboretum"]
[BlackTeam "Kervaros"]
[WhiteTeamCountry "HUN"]
[BlackTeamCountry "HUN"]

1. e4 c6 2. Nc3 d5 3. Qf3 d4 4. Bc4 e6 5. Nce2 c5 6. d3 Nc6 7. a3 Ne5 8. Bb5+ Bd7 9. Bxd7+ Qxd7 10. Qg3 Ng6 11. f4 Bd6 12. Nf3 N8e7 13. Bd2 a6 14. 0-0 f6 15. Kh1 0-0 1/2-1/2

[Event "HUN-chT2 Szechenyi 0809"]
[Site "Hungary"]
[Date "2008.10.26"]
[Round "1.6"]
[White "Volgyi, Robert"]
[Black "Toth, Alexandra"]
[Result "0-1"]
[WhiteElo "1960"]
[BlackElo "1838"]
[PlyCount "46"]
[EventDate "2008.10.26"]
[EventType "team-tourn"]
[EventRounds "11"]
[EventCountry "HUN"]
[SourceTitle "EXT 2010"]
[Source "ChessBase"]
[SourceDate "2010.11.25"]
[SourceVersion "1"]
[SourceVersionDate "2010.11.25"]
[SourceQuality "1"]
[WhiteTeam "Kervaros"]
[BlackTeam "Flesch"]
[WhiteTeamCountry "HUN"]
[BlackTeamCountry "HUN"]

1. d4 Nf6 2. c4 e6 3. Nf3 b6 4. g3 Bb7 5. Bg2 d5 6. b3 c5 7. e3 Be7 8. 0-0 0-0 9. Bb2 Nbd7 10. Nc3 Qc7 11. Rc1 Rac8 12. cxd5 Nxd5 13. Nxd5 Bxd5 14. dxc5 bxc5 15. Qe2 Qb7 16. Rfe1 Bf6 17. Ba3 Bxf3 18. Bxf3 Qb6 19. Red1 Rfd8 20. Be4 Qa5 21. Bb2 Qxa2 22. Rc2 Qxb3 23. Bxf6 Nxf6 0-1

[Event "HUN-chT2 Szechenyi 0708"]
[Site "Hungary"]
[Date "2008.03.16"]
[Round "8"]
[White "Volgyi, Robert"]
[Black "Kiss, Zoltan"]
[Result "0-1"]
[WhiteElo "2007"]
[BlackElo "2214"]
[PlyCount "56"]
[EventDate "2007.10.14"]
[EventType "team"]
[EventRounds "11"]
[EventCountry "HUN"]
[SourceTitle "EXT 2009"]
[Source "ChessBase"]
[SourceDate "2008.11.26"]
[SourceVersion "1"]
[SourceVersionDate "2008.11.26"]
[SourceQuality "1"]
[WhiteTeam "Kertvaros"]
[BlackTeam "Peti MTE"]
[WhiteTeamCountry "HUN"]
[BlackTeamCountry "HUN"]

1. d4 Nf6 2. c4 e6 3. g3 Be7 4. Bg2 d5 5. Nf3 0-0 6. b3 b6 7. 0-0 Bb7 8. Nc3 Nbd7 9. Bb2 c6 10. Re1 Qc7 11. Rc1 Rfe8 12. e4 Nxe4 13. Nxe4 dxe4 14. Ne5 Nf6 15. Qe2 Rad8 16. g4 h6 17. h4 Nh7 18. Bxe4 Bxh4 19. Qf3 Ng5 20. Qe3 Nxe4 21. Qxe4 c5 22. Qe3 Ba8 23. Qh3 Bf6 24. Rcd1 cxd4 25. Rxd4 Rxd4 26. Bxd4 Rd8 27. Ba1 Rd2 28. Nf3 Rd3 0-1

[Event "HUN-chT2 Szechenyi 0708"]
[Site "Hungary"]
[Date "2008.02.17"]
[Round "6"]
[White "Fendrik, Lajos"]
[Black "Volgyi, Robert"]
[Result "1-0"]
[WhiteElo "2198"]
[BlackElo "2007"]
[PlyCount "123"]
[EventDate "2007.10.14"]
[EventType "team"]
[EventRounds "11"]
[EventCountry "HUN"]
[SourceTitle "EXT 2009"]
[Source "ChessBase"]
[SourceDate "2008.11.26"]
[SourceVersion "1"]
[SourceVersionDate "2008.11.26"]
[SourceQuality "1"]
[WhiteTeam "Zala Volan"]
[BlackTeam "Kertvaros"]
[WhiteTeamCountry "HUN"]
[BlackTeamCountry "HUN"]

1. c4 Nf6 2. Nf3 e6 3. g3 g6 4. Bg2 Bg7 5. 0-0 0-0 6. d4 d5 7. Bg5 h6 8. Bxf6 Qxf6 9. cxd5 exd5 10. Nc3 c6 11. e3 Bg4 12. h3 Bxf3 13. Qxf3 Qxf3 14. Bxf3 Nd7 15. b4 Nb6 16. Rfc1 Nc4 17. b5 Rfd8 18. bxc6 bxc6 19. Be2 Nd6 20. Na4 Rac8 21. Rc2 Ne4 22. Rac1 Rd6 23. Kg2 f5 24. Bb5 Rb8 25. Bd3 Rb4 26. Bxe4 fxe4 27. Nc5 Bf8 28. a3 Rb6 29. a4 a5 30. Rc3 Be7 31. Nb3 Ra6 32. Nc5 Rb6 33. Rb3 Bd8 34. Rxb6 Bxb6 35. Rb1 Bxc5 36. dxc5 Rd8 37. Rb6 d4 38. exd4 Rxd4 39. Rxc6 Rxa4 40. Rxg6+ Kh7 41. Ra6 Ra2 42. Kf1 a4 43. c6 a3 44. c7 Rc2 45. Rxa3 Rxc7 46. Ra6 h5 47. h4 Rc3 48. Re6 Rc4 49. Ke2 Kg7 50. Ke3 Rc3+ 51. Kxe4 Rc2 52. Kf3 Rc3+ 53. Re3 Rc4 54. Re4 Rc2 55. Ke3 Rc3+ 56. Kf4 Rc2 57. f3 Kf6 58. Ra4 Rc6 59. g4 Kg6 60. g5 Rb6 61. Kg3 Rc6 62. Rf4 1-0

[Event "HUN-chT2 Szechenyi 0708"]
[Site "Hungary"]
[Date "2007.11.25"]
[Round "3"]
[White "Volgyi, Robert"]
[Black "Vincze, Robert"]
[Result "0-1"]
[WhiteElo "2007"]
[BlackElo "2187"]
[PlyCount "76"]
[EventDate "2007.10.14"]
[EventType "team"]
[EventRounds "11"]
[EventCountry "HUN"]
[SourceTitle "EXT 2009"]
[Source "ChessBase"]
[SourceDate "2008.11.26"]
[SourceVersion "1"]
[SourceVersionDate "2008.11.26"]
[SourceQuality "1"]
[WhiteTeam "Kertvaros"]
[BlackTeam "Flesch"]
[WhiteTeamCountry "HUN"]
[BlackTeamCountry "HUN"]

1. d4 c6 2. e4 g6 3. f4 d5 4. e5 Bg7 5. Nf3 Bg4 6. Be2 Nh6 7. 0-0 0-0 8. b3 f6 9. Qe1 Bxf3 10. Bxf3 fxe5 11. fxe5 Nf5 12. Bb2 e6 13. Nd2 Qg5 14. Rc1 Bh6 15. Rf2 Na6 16. Qe2 Qe3 17. c3 c5 18. Qb5 Rf7 19. Nf1 Qg5 20. Re1 Qe7 21. Bc1 Bxc1 22. Rxc1 cxd4 23. c4 Rc8 24. Rfc2 d3 25. Rc3 Nd4 26. Qa4 Nxf3+ 27. gxf3 Qg5+ 28. Ng3 Qxe5 29. cxd5 Rxc3 30. Rxc3 Qxc3 31. Qe8+ Kg7 32. dxe6 Rc7 33. Ne4 Qd4+ 34. Kg2 Qe5 35. h4 Nc5 36. Qb5 b6 37. b4 a6 38. Qc4 Nxe4 0-1

[Event "HUN-chT2 Szechenyi 0607"]
[Site "Hungary"]
[Date "2006.11.26"]
[Round "2"]
[White "Imre, Jozsef Otto"]
[Black "Volgyi, Robert"]
[Result "1/2-1/2"]
[WhiteElo "1990"]
[BlackElo "1996"]
[PlyCount "20"]
[EventDate "2006.11.12"]
[EventType "team"]
[EventRounds "11"]
[EventCountry "HUN"]
[SourceTitle "EXT 2008"]
[Source "ChessBase"]
[SourceDate "2007.11.25"]
[SourceVersion "1"]
[SourceVersionDate "2007.11.25"]
[SourceQuality "1"]
[WhiteTeam "Sarvar"]
[BlackTeam "Kertvaros"]
[WhiteTeamCountry "HUN"]
[BlackTeamCountry "HUN"]

1. d4 d5 2. c4 c6 3. Nc3 Nf6 4. Bg5 e6 5. e3 Be7 6. Bd3 Nbd7 7. Nge2 h6 8. Bh4 0-0 9. b3 b6 10. 0-0 Bb7 1/2-1/2

[Event "HUN-chT2 9900"]
[Site "Hungary"]
[Date "2000.03.05"]
[Round "9"]
[White "Timko, Melinda"]
[Black "Volgyi, Robert"]
[Result "1-0"]
[WhiteElo "2034"]
[BlackElo "2028"]
[PlyCount "99"]
[EventDate "1999.09.26"]
[EventType "team"]
[EventRounds "11"]
[EventCountry "HUN"]
[SourceTitle "EXT 2002"]
[Source "ChessBase"]
[SourceDate "2001.11.25"]
[SourceVersion "1"]
[SourceVersionDate "2001.11.25"]
[SourceQuality "1"]

1. e4 d5 2. exd5 Nf6 3. d4 Nxd5 4. Nf3 g6 5. Be2 Bg7 6. 0-0 0-0 7. c4 Nb6 8. h3 Nc6 9. Be3 e5 10. d5 Ne7 11. Nc3 f5 12. Bc5 Re8 13. Re1 Nd7 14. Ba3 b6 15. d6 cxd6 16. Bxd6 Bb7 17. Nb5 Rc8 18. Nxa7 Ra8 19. Nb5 Rc8 20. Bxe7 Qxe7 21. Nd6 Nc5 22. Nxe8 Rxe8 23. Qd2 e4 24. Nh2 Qf6 25. b4 Ne6 26. Qd6 Qg5 27. Qd7 Re7 28. Qd1 Nf4 29. g3 Nxh3+ 30. Kf1 e3 31. Bf3 Nxf2 32. Qd8+ Kf7 33. Bxb7 Qxg3 34. Qd5+ Kf8 35. Qg2 Qf4 36. Nf3 Qxc4+ 37. Kg1 Rxb7 38. Rac1 Qf7 39. Rxe3 Ne4 40. Rc8+ Ke7 41. Qc2 Qe6 42. Ng5 Qd7 43. Rxe4+ fxe4 44. Qxe4+ Kd6 45. Qd3+ Ke7 46. Qe4+ Kf6 47. Nxh7+ Kf7 48. Qc4+ Ke7 49. Qh4+ Kd6 50. Rd8 1-0

[Event "Zalakaros op 17th"]
[Site "Zalakaros"]
[Date "1998.??.??"]
[Round "1"]
[White "Forintos, Gyozo Victor"]
[Black "Volgyi, Robert"]
[Result "1-0"]
[WhiteElo "2395"]
[BlackElo "2040"]
[PlyCount "55"]
[EventDate "1998.05.??"]
[EventType "swiss"]
[EventRounds "9"]
[EventCountry "HUN"]
[SourceTitle "EXT 2002"]
[Source "ChessBase"]
[SourceDate "2001.11.25"]
[SourceVersion "1"]
[SourceVersionDate "2001.11.25"]
[SourceQuality "1"]

1. d4 d5 2. c4 c6 3. Nf3 Nf6 4. e3 e6 5. Bd3 Nbd7 6. Nbd2 Be7 7. 0-0 0-0 8. b3 b6 9. Bb2 Bb7 10. Qe2 Rc8 11. Rfd1 Qc7 12. Rac1 Qb8 13. a3 Rfd8 14. b4 c5 15. b5 Ne4 16. Bb1 f5 17. Nxe4 fxe4 18. Ne5 Bf6 19. Qg4 Nf8 20. Ba2 dxc4 21. Bxc4 Bxe5 22. Bxe6+ Nxe6 23. Qxe6+ Kh8 24. dxe5 Rd3 25. Rxd3 exd3 26. Qc4 Rd8 27. Rd1 Qa8 28. Rxd3 1-0